000 00825nam a2200133Ia 4500
008 220216s9999 xx 000 0 und d
100 _aTisseverasinghe A E K
245 0 _aUtilisation of rubber(Hevea brasiliensis)wood
260 _bCeylon Forester
_c1970
300 _a87-94
520 _aRubber wood suffers the attack of biological wood deteriorating agents. Hence an effective preservation is essential for its wide utilisation. The simple diffusion treatment consists of momentary immersion of the fresh sawn wood in a hot (40 degree C), concentrated (25;) solution of a mixture of borax and boric acid mixed with sodium pentachlorophenate. The treated planks must be build in to stack and left undisturbed for three weeks. The end use restricted only for making indoor articles.
650 _aRubberwood
942 _cBO
999 _c48059
_d48059